000 00498nam a2200169 i 4500
001 55635
003 ES-MaACL
005 20230906163202.0
007 t|
008 030924s1909 fr ||||1| fre d
100 1 _aDespagnet, Frantz.
_943917
245 1 0 _aPrecis de droit international prive /
_cpar Frantz Despagnet.
250 _a5eme ed. rev. par Ch. de Boeck.
260 _a[S.l. :
_bs.n.,
_c1909] (
_eBordeaux :
_fY. Cadoret)
700 1 _aBoeck, Ch. de.
_929722
852 _aES-MaACL
_jF-6592
999 _c55635
_d55635